书目信息 |
| 题名: |
上大演讲录
|
|
| 作者: | 钱伟长 总主编 ;周哲玮 主编 | |
| 分册: | 1986-2006卷 | |
| 出版信息: | 上海 上海大学出版社 2009 |
|
| 页数: | 260页 | |
| 开本: | 23cm | |
| 丛书名: | ||
| 单 册: | ||
| 中图分类: | Z427.6 | |
| 科图分类: | ||
| 主题词: | 社会科学--文集 , 自然科学--文集 , 社会科学 , 自然科学 | |
| 电子资源: | ||
| ISBN: | 978-7-81118-395-5 | |
| 000 | 01011nam0 2200277 45 | |
| 001 | 1359692031 | |
| 005 | 20130529090659.39 | |
| 010 | @a978-7-81118-395-5@b精装@dCNY48.00 | |
| 100 | @a20130513d2009 em y0chiy0110 ea | |
| 101 | 0 | @achi |
| 102 | @aCN@b310000 | |
| 105 | @aa z 000yy | |
| 106 | @ar | |
| 200 | 1 | @a上大演讲录@AShang Da Yan Jiang Lu@h1986-2006卷@H1986-2006 Juan@f钱伟长总主编@FQian Wei Chang Zong Zhu Bian@g周哲玮主编@zeng |
| 210 | @a上海@c上海大学出版社@d2009 | |
| 215 | @a260页@c照片@d23cm | |
| 330 | @a本书选收各类人物在上海大学不同时期的演讲。所选演讲文稿,不代表编者观点;根据演讲内容,全文或择要录入。演讲文稿按年月日时间顺序编排。每篇演讲稿前,配以演讲者照片和小传。 | |
| 606 | 0 | @a社会科学@j文集 |
| 606 | 0 | @a自然科学@j文集 |
| 606 | 0 | @a社会科学 |
| 606 | 0 | @a自然科学 |
| 690 | @aZ427.6@v5 | |
| 701 | 0 | @a钱伟长@AQian Wei Chang@f(1912~2010)@4总主编 |
| 702 | 0 | @a周哲玮@AZhou Zhe Wei@f(1950.6~)@4主编 |
| 801 | @aCN@bTANGWEI@c20130522 | |
| 905 | @b0833226-31@dZ427.6@e56@f6 | |
| 上大演讲录.1986-2006卷/钱伟长总主编/周哲玮主编.-上海:上海大学出版社,2009 |
| 260页:照片;23cm |
| ISBN 978-7-81118-395-5(精装):CNY48.00 |
| 本书选收各类人物在上海大学不同时期的演讲。所选演讲文稿,不代表编者观点;根据演讲内容,全文或择要录入。演讲文稿按年月日时间顺序编排。每篇演讲稿前,配以演讲者照片和小传。 |
| ● |
| 相关链接 |
|
|
|
|
正题名:上大演讲录
索取号:Z427.6/56
 
预约/预借
| 序号 | 登录号 | 条形码 | 馆藏地/架位号 | 状态 | 备注 |
| 1 | 0833226 | 208332268 | 第二样本阅览室/ [索取号:Z427.6/56] | 在馆 | |
| 2 | 0833227 | 208332277 | 第三借阅区/ [索取号:Z427.6/56] | 在馆 | |
| 3 | 0833228 | 208332286 | 第三借阅区/ [索取号:Z427.6/56] | 在馆 | |
| 4 | 0833229 | 208332295 | 第三借阅区/ [索取号:Z427.6/56] | 在馆 | |
| 5 | 0833230 | 208332302 | 第三借阅区/ [索取号:Z427.6/56] | 在馆 | |
| 6 | 0833231 | 208332311 | 第三借阅区/ [索取号:Z427.6/56] | 在馆 |